Statistiques concernant Parcours des champions du monde à la Coupe du monde de football (1930-1974)

Cliquez ici pour prendre le quiz!

Statistiques générales

  • Ce quiz a été pris 186 fois
  • Le résultat moyen est 43 sur 53

Statistiques - réponses

EditionChampionParcoursAdversaireScore% Correct
1938ItalieDemi-finaleBrésil2-1
97%
1950UruguayTour final (finale)Brésil2-1
97%
1958BrésilDemi-finaleFrance5-2
96%
1938ItalieQuarts de finaleFrance3-1
96%
1966Angleterre1er tourFrance2-0
96%
1966AngleterreFinaleAllemagne4-2 a.p.
95%
1974Allemagne1er tourAllemagne de l'Est0-1
95%
1970BrésilFinaleItalie4-1
95%
1930UruguayFinaleArgentine4-2
91%
1966AngleterreQuarts de finaleArgentine1-0
91%
1962Brésil1er tourEspagne2-1
91%
1934ItalieQuarts de finaleEspagne1-0
91%
1950UruguayTour finalEspagne2-2
91%
1962BrésilQuarts de finaleAngleterre3-1
90%
1958Brésil1er tourAngleterre0-0
90%
1970Brésil1er tourAngleterre1-0
90%
1950UruguayTour finalSuède3-2
90%
1974Allemagne2nd tourSuède4-2
90%
1958BrésilFinaleSuède5-2
90%
1954Allemagne1er tourHongrie3-8
87%
1938ItalieFinaleHongrie4-2
87%
1954AllemagneFinaleHongrie3-2
87%
1966AngleterreDemi-finalePortugal2-1
87%
1958Brésil1er tourUnion soviétique2-0
87%
1974AllemagneFinalePays-Bas2-1
85%
1974Allemagne1er tourChili1-0
83%
1962BrésilDemi-finaleChili4-2
83%
1934ItalieHuitièmes de finaleEtats-Unis7-1
82%
1970Brésil1er tourTchécoslovaquie4-1
82%
1962Brésil1er tourTchécoslovaquie0-0
82%
1962BrésilFinaleTchécoslovaquie3-1
82%
1934ItalieFinaleTchécoslovaquie2-1 a.p.
82%
1974Allemagne2nd tourYougoslavie2-0
81%
1954AllemagneQuarts de finaleYougoslavie2-0
81%
1930UruguayDemi-finaleYougoslavie6-1
81%
1970BrésilDemi-finaleUruguay3-1
80%
1966Angleterre1er tourUruguay0-0
80%
1962Brésil1er tourMexique2-0
77%
1966Angleterre1er tourMexique2-0
77%
1970BrésilQuarts de finalePérou4-2
75%
1930Uruguay1er tourPérou1-0
75%
1974Allemagne2nd tourPologne1-0
73%
1954AllemagneDemi-finaleAutriche6-1
72%
1934ItalieDemi-finaleAutriche1-0
72%
1958Brésil1er tourAutriche3-0
72%
1930Uruguay1er tourRoumanie4-0
60%
1970Brésil1er tourRoumanie3-2
60%
1950Uruguay1er tourBolivie8-0
52%
1938ItalieHuitièmes de finaleNorvège2-1 a.p.
49%
1974Allemagne1er tourAustralie3-0
48%
1954Allemagne1er tourTurquie4-1
46%
1954Allemagne1er tourTurquie7-2
46%
1958BrésilQuarts de finalePays de Galles1-0
35%

Distribution des résultats

Percentile par nombre de réponses

% des personnes avec chaque résultat

Votre développement - résultats

Vous n’avez pas pris ce quiz